Najlepsi zawodnicy drużyn NBA - wschód - Statystyki

Ogólne statystyki
  • Ten quiz został rozwiązany 120 razy
  • Średni wynik to 7 z 15
Statystyki odpowiedzi
Drużyna Zawodnik % Poprawnych
Boston Celtics Jayson Tatum
78%
Atlanta Hawks Trae Young
75%
Brooklyn Nets Kevin Durant
74%
Philadelphia 76ers James Harden
71%
Charlotte Hornets LaMelo Ball
71%
Milwaukee Bucks Giannis Antetokounmpo
69%
Chicago Bulls DeMar DeRozan
68%
Toronto Raptors Pascal Siakam
55%
Miami Heat Bam Adebayo
51%
New York Knicks Jalen Brunson
36%
Cleveland Cavaliers Jarrett Allen
28%
Washington Wizards Kristaps Porzingis
21%
Orlando Magic Wendell Carter jr
10%
Detroit Pistons Saddiq Bey
2%
Indiana Pacers Oshae Brissett
0%
Nie znaleziono quizów pasujących do podanych kryteriów
Rozkład punktacji
Procent ludzi z każdym wynikiem
Percentyl według liczby udzielonych odpowiedzi
Twoja historia wyników
Nie rozwiązałeś tego quizu